000 00549nam a2200205Ia 4500
003 OSt
005 20240513144936.0
008 210707s1983 xx 000 0 und d
040 _cAL
041 _aKannada
082 _aK894.8 KASA
100 _aKASTURI (Na)
_dಕಸ್ತೂರಿ (ನಾ)
_9164358
245 _aAnarthakosha.
_bಅನರ್ಥಕೋಶ
260 _aBengaluru
_bVishva Kannada Sammelana
_c1983
300 _aviii,167 p
365 _b2
_cINR
563 _aPB
650 _aKannada Miscellaneous
_9164359
942 _2ddc
_cBK
999 _c180210
_d180210